Constantin : Un Auguste chrétien (notice n° 1568351)

détails MARC
000 -LEADER
fixed length control field 01925cam a2200145 4500500
005 - DATE AND TIME OF LATEST TRANSACTION
control field 20251214004239.0
041 ## - LANGUAGE CODE
Language code of text/sound track or separate title fre
042 ## - AUTHENTICATION CODE
Authentication code dc
100 10 - MAIN ENTRY--PERSONAL NAME
Personal name Lançon, Bertrand
Relator term author
245 00 - TITLE STATEMENT
Title Constantin : Un Auguste chrétien
260 ## - PUBLICATION, DISTRIBUTION, ETC.
Name of publisher, distributor, etc. Armand Colin,<br/>
Date of publication, distribution, etc. 2012.<br/>
520 ## - SUMMARY, ETC.
Summary, etc. Constantin fait incontestablement partie de ces chefs d’État qui ont fait l’Histoire. Bien au-delà de l’Empire romain, il a, durant les trente ans de son règne, marqué l’Occident tout entier. Car sans lui, parlerait-on des « racines chrétiennes de l’Europe » comme d’une sorte d’évidence ? C’est à cet homme de pouvoir, aussi inspiré que controversé, qu’on doit des rapports inédits entre le politique et le religieux, et le glissement du pouvoir impérial traditionnel vers des formes à la fois solides et vulnérables, mais, dans tous les cas, durables. Réformateur, guerrier, législateur et bâtisseur - il fonde une seconde Rome, Constantinople –, le premier empereur romain chrétien n’est pas la figure révolutionnaire ou ambiguë que l’on a pu dépeindre : son action novatrice se conjugue intimement avec la tradition augustéenne dans laquelle s’ancrent ses lois et l’exercice de son pouvoir, en Occident comme en Orient. À travers légende noire et légende dorée, ce livre s’attache à révéler un homme en quête d’une nouvelle forme de romanité sous le signe de l’unité, de la paix et de la foi. Bertrand Lançon se consacre aux aspects culturels et religieux de l’Antiquité tardive. Il a publié, entre autres, Le monde romain tardif et Rome dans l’Antiquité tardive. Tiphaine Moreau étudie le IVe siècle. Elle est l’auteur de Cents fiches d’Histoire romaine et, avec Bertrand Lançon, des Premiers chrétiens.
700 10 - ADDED ENTRY--PERSONAL NAME
Personal name Moreau, Tiphaine
Relator term author
856 41 - ELECTRONIC LOCATION AND ACCESS
Uniform Resource Identifier <a href="https://shs.cairn.info/constantin--9782200255947?lang=fr&redirect-ssocas=7080">https://shs.cairn.info/constantin--9782200255947?lang=fr&redirect-ssocas=7080</a>

Pas d'exemplaire disponible.

PLUDOC

PLUDOC est la plateforme unique et centralisée de gestion des bibliothèques physiques et numériques de Guinée administré par le CEDUST. Elle est la plus grande base de données de ressources documentaires pour les Étudiants, Enseignants chercheurs et Chercheurs de Guinée.

Adresse

627 919 101/664 919 101

25 boulevard du commerce
Kaloum, Conakry, Guinée

Réseaux sociaux

Powered by Netsen Group @ 2025